000
00293nam a22001337a 4500
008
181009b xxu||||| |||| 00| 0 eng d
020
_a
605511
041
_a
eng
080
_a
101
100
_a
24
101
_a
FIL
245
_a
Dialogues of Modern Philosophy
_c
Davis, P.E
942
_2
udc
_c
BK
999
_c
49143
_d
49143